| 000 | 02201nam0a2200361 i 4500 | ||
|---|---|---|---|
| 001 | RU\NLR\BIBL_A\010881489 | ||
| 005 | 20260408075540.0 | ||
| 010 |
_a9785949913260 _980 |
||
| 021 |
_aRU _b2015-78910 _94778 |
||
| 035 | _a(NILC)RuMoRGB-008041346 | ||
| 035 | _a(NLR Aleph) 010881489 | ||
| 090 |
_a10506889 _c10506889 |
||
| 100 | _a20151105d2015 u y0rusy50 ca | ||
| 101 | 0 | _arus | |
| 102 | _aRU | ||
| 105 | _aa|||j|||000yy | ||
| 200 | 1 |
_aОсновы управления в уголовно-исполнительной системе _eкурс лекций _e[для курсантов, слушателей, адъюнктов, изучающих дисциплины "Основы управления в УИС" и "Основы управления в правоохранительных органах" _fН.В. Анискина, А.М. Бобров, П.В. Голодов и др.] _gФедер. служба исполнения наказаний, Волог. ин-т права и экономики |
|
| 210 |
_aВологда _cФКОУ ВПО "Вологодский институт права и экономики Федеральной службы исполнения наказаний" _d2015 |
||
| 215 |
_a365 с. _cил. _d19 |
||
| 300 | _aАвт. указаны на обороте тит. л. | ||
| 320 | _aБиблиогр. в подстроч. примеч. | ||
| 606 | 1 |
_aУголовно-исполнительная система _jУчебные издания для высших учебных заведений _xУправление _yРоссийская Федерация _92338356 _3RU\NLR\AUTH\661397900 |
|
| 675 | _a343 | ||
| 686 | 1 | _aХ628.401я73 | |
| 701 | 1 |
_aАнискина _bН. В. |
|
| 701 | 1 |
_aБобров _bА. М. _gАртем Михайлович |
|
| 701 | 1 |
_aГолодов _bП. В. _gПавел Васильевич |
|
| 712 | 0 | 2 |
_4570 _aВологодский институт права и экономики _3RU\NLR\AUTH\8810075199 _9652406 |
| 801 | 0 |
_aRU _bРГБ _c20151008 _gRCR |
|
| 942 | _cBOOK | ||
| 980 | _aNBR | ||